Ứng dụng công nghệ trong sản xuất lúa
Quyển sách giới thiệu một số công nghệ sinh học ứng dụng trên thế giới và Việt Nam, thông qua sản xuất lúa lai nhằm giúp nhà nông nắm được kiến thức cần thiết để tăng năng suất cây trồng, thu lợi nhuận cao....
সংরক্ষণ করুন:
| প্রধান লেখক: | |
|---|---|
| বিন্যাস: | গ্রন্থ |
| ভাষা: | Undetermined |
| প্রকাশিত: |
Hà Nội
Lao động
2006
|
| বিষয়গুলি: | |
| ট্যাগগুলো: |
ট্যাগ যুক্ত করুন
কোনো ট্যাগ নেই, প্রথমজন হিসাবে ট্যাগ করুন!
|
| Thư viện lưu trữ: | Trung tâm Học liệu Trường Đại học Cần Thơ |
|---|
| LEADER | 00931nam a2200217Ia 4500 | ||
|---|---|---|---|
| 001 | CTU_106836 | ||
| 008 | 210402s9999 xx 000 0 und d | ||
| 020 | |c 14000 | ||
| 082 | |a 633.18 | ||
| 082 | |b Th463 | ||
| 100 | |a Chu, Thị Thơm | ||
| 245 | 0 | |a Ứng dụng công nghệ trong sản xuất lúa | |
| 245 | 0 | |c Chu Thị Thơm, Phan Thị Lài, Nguyễn Văn Tó | |
| 260 | |a Hà Nội | ||
| 260 | |b Lao động | ||
| 260 | |c 2006 | ||
| 520 | |a Quyển sách giới thiệu một số công nghệ sinh học ứng dụng trên thế giới và Việt Nam, thông qua sản xuất lúa lai nhằm giúp nhà nông nắm được kiến thức cần thiết để tăng năng suất cây trồng, thu lợi nhuận cao. | ||
| 650 | |a Rice | ||
| 650 | |x Planting | ||
| 904 | |i Năm | ||
| 980 | |a Trung tâm Học liệu Trường Đại học Cần Thơ | ||